| 000 | 01472nam0a2200325 4500 | ||
|---|---|---|---|
| 001 | RU\NLR\BIBL_A\012386375 | ||
| 005 | 20260407133933.0 | ||
| 035 | _a(NLR Aleph) 012386375 | ||
| 090 |
_a11653737 _c11653737 |
||
| 100 | _a20201023d1882 |||y0rusy50 ca | ||
| 101 | 0 | _arus | |
| 102 | _aRU | ||
| 105 | _ay z 000zy | ||
| 181 | 0 |
_ai _baxxe |
|
| 182 | 0 | _an | |
| 200 | 1 |
_aРасписание движения поездов между Орлом и Витебском _eс 1-го мая 1882 года _fОбщество Земской Орловско-Витебской железной дороги |
|
| 203 |
_aТекст _bвизуальный _cнепосредственный |
||
| 210 |
_aОрел _cТипография Князя Н.Н. Оболенского _d1882 |
||
| 215 |
_a42 с. _d21 |
||
| 517 | 1 | _aРосписание движения поездов между Орлом и Витебском | |
| 601 | 0 | 2 |
_aОрловско-Грязская железная дорога _92442172 _3RU\NLR\AUTH\6601670573 |
| 606 | 1 |
_aЖелезнодорожный транспорт _xРасписания _yРоссия _z1882 _92461653 _3RU\NLR\AUTH\6601680176 |
|
| 686 | 3 | _aО280.232 | |
| 710 | 0 | 2 |
_aОрловско-Витебская железная дорога _cдо 1917 г. _3RU\NLR\AUTH\8810000406 _9497974 |
| 852 |
_aNLR _j34.53.7.783 |
||
| 942 | _cBOOK | ||
| 980 | _aNB | ||